Library Banner

Khalid kay nam(Miss)/ (Record no. 103604)

MARC details
000 -LEADER
fixed length control field 00402nam a22001457a 4500
005 - DATE AND TIME OF LATEST TRANSACTION
control field 20180221123920.0
008 - FIXED-LENGTH DATA ELEMENTS--GENERAL INFORMATION
fixed length control field 180221b xxu||||| |||| 00| 0 eng d
040 ## - CATALOGING SOURCE
Transcribing agency PK-LaUMT
082 ## - DEWEY DECIMAL CLASSIFICATION NUMBER
Classification number ZIAC 297.05
Item number ZAF-K
100 ## - MAIN ENTRY--PERSONAL NAME
Personal name Zafar Jamal Baloch
245 ## - TITLE STATEMENT
Title Khalid kay nam(Miss)/
Statement of responsibility, etc Zafar Jamal Baloch
260 ## - PUBLICATION, DISTRIBUTION, ETC. (IMPRINT)
Place of publication, distribution, etc لاہور:
Name of publisher, distributor, etc ادارہ مطبوعات طلبہ
Date of publication, distribution, etc 1998
300 ## - PHYSICAL DESCRIPTION
Extent [ ]
942 ## - ADDED ENTRY ELEMENTS (KOHA)
Koha item type Books
Holdings
Withdrawn status Lost status Damaged status Home library Current library Date acquired Full call number Barcode Date last seen Price effective from Koha item type
      UMT Main Campus UMT Main Campus 2018-02-21 ZIAC 297.05 ZAF-K 119965 2018-02-21 2018-02-21 Books